000 00852nam a2200265 a 4500
001 000044140
003 DO-SdBNP
005 20230428120315.0
007 000044140
008 140602s2011 dr 000 0 spa d
040 _aBPMSU
_bspa
_cBPMSU
082 4 _aRD863.44
_bA473d 2011
_222
100 1 _aÁlvarez, Julia
245 1 0 _aDe cómo tía Lola vino de visita a quedarse /
_cJulia Álvarez ; traducción Liliana Valenzuela.
260 _aSanto Domingo :
_bAlfaguara,
_c2011.
300 _a141, [6] p. :
_bil. ;
_c21 cm.
490 0 _aAfaguara infantil
500 _aEn el título "de Visita" está tachado
590 _6Inventariado, 2023/VM
650 4 _aCuentos infantiles dominicanos
650 4 _aLiteratura infantil dominicana
700 1 _aValenzuela, Liliana
_ttr.
910 _aVMateo V. Control de calidad (BPMSU)
942 _2ddc
_cBK
999 _c7306
_d7306